| 000 | 01503cam a22003375a 4500 | ||
|---|---|---|---|
| 001 | 017543833 | ||
| 003 | OSt | ||
| 005 | 20160728101600.0 | ||
| 008 | 150803s2016 enk frb 001|0|eng|d | ||
| 015 |
_aGBB5C3932 _2bnb |
||
| 016 | 7 |
_a017543833 _2Uk |
|
| 020 | _a052113207X | ||
| 020 | _a9780521132077 | ||
| 040 |
_aStDuBDS _beng _cStDuBDS _dEG-ScBUE |
||
| 082 | 0 | 4 |
_222 _a349.42 _bHAR |
| 100 | 1 |
_aHarris, Phil, _d1949- _940491 |
|
| 245 | 1 | 3 |
_aAn introduction to law / _cPhil Harris. |
| 250 | _a8th ed. | ||
| 260 |
_aCambridge : _bCambridge University Press, _c2016. |
||
| 300 |
_axxviii, 494 p. ; _c25 cm. |
||
| 490 | 0 | _aThe law in context series | |
| 500 | _aIndex : p. 481-494. | ||
| 504 | _aIncludes bibliographical references. | ||
| 505 | _aPart I: 1. Law and society; 2. Law and morality; 3. Law and the regulations of economic activity; 4. Some important legal concepts; 5. Law and the settlement of disputes; 6. The making of legal rules; 7. The legal profession; Part II: 8. The European dimension of English law; 9. Liability in English law: the law of tort; 10. Liability in English law: crime and the criminal justice system; 11. The development and role of the contract; 12. Law and government. | ||
| 520 | _aAn extensively updated introduction to law through a 'law in context' perspective. | ||
| 650 | 7 |
_aLaw _2BUEsh _zEngland. _940492 |
|
| 650 | 7 |
_aLaw _2BUEsh _zWales. _940493 |
|
| 651 | _2BUEsh | ||
| 653 |
_bLLAAWW _cJuly2016 |
||
| 942 |
_2ddc _e22 _k349.42 HAR |
||
| 999 |
_c22051 _d22023 |
||